000 00986nam a2200253Ia 4500
003 OSt
005 20220923212735.0
006 a|||||r|||| 00| 0
007 ta
008 220922b |||||||| |||| 00| 0 hin d
024 _a155,708
037 _cTextual
040 _aARTS
_cARTS
_bhin
041 _2hin
_ahin
082 _aO1520v5,3:g, K5
100 _aगुप्त, शान्ति स्वरूप
_9157686
245 0 _aहिन्दी तथा मराठी उपन्यासों का तुलनात्मक अध्ययन
246 _aHindī tathā marāṭhī upanyāsoan kā tulanātmak adhyayana
260 _aदिल्ली
_b भारती साहित्य मन्दिर
_c1965
300 _a414 पृ.
_ccm.
650 _aहिन्दी साहित्य
_9156264
942 _hO1520v5,3:g, K5
_cTEXL
_2CC
999 _c311176
_d311176